000 00412nam a2200181Ia 4500
008 100917s9999 xx 000 0 und d
082 _b5664
100 _aशहा नलिनी
245 _aमळभ
260 _b---
_c1959
300 _a108
365 _b3
520 _aकादंबरी
630 _aमळभ
650 _aकादंबरी
730 _aमळभ
942 _cBOOK
999 _c611058
_d611055